| 000 | 01034nam a2200229 4500 | ||
|---|---|---|---|
| 001 | 3219658 | ||
| 003 | NUST - PNEC | ||
| 005 | 20170116181106.0 | ||
| 008 | 850205s1794 enk|||| a 00| ||eng d | ||
| 035 | _a(CStRLIN)ESTCT154690 | ||
| 040 |
_aUk-ES _cLIBRARY _dCStRLIN _dResP |
||
| 082 | _a822.33 SHA | ||
| 100 | 1 |
_aShakespeare, William, _d1564-1616. |
|
| 245 | 0 | 4 |
_aThe merchant of Venice, _ba comedy, by Shakespeare, as performed at the Theatres Royal. Regulated from the prompt-books, by permission of the managers. With an introduction, and notes critical and illustrative. |
| 260 |
_aLondon : _bprinted (by assignment) for J. Barker, _c1794. |
||
| 300 |
_a64p.,plate ; _c12⁰. |
||
| 533 |
_aMicrofilm. _bWoodbridge, Conn. : _cPrimary Source Microfilm, an imprint of Gale Group, _d2000. _e1 reel ; 35mm. _nUnit 322. _f(The Eighteenth Century ; reel 11265, no.10 ). _7s2000 ctu b |
||
| 650 |
_912628 _bEnglish literature _xGeneral books |
||
| 830 | 0 |
_aEighteenth century ; _vreel 11265, no. 10. |
|
| 942 |
_2ddc _cBK |
||
| 999 |
_c68924 _d68924 |
||